[Pamätný pomník Jozefa Miloslava Hurbana v Novom Meste nad Váhom]

Zobrazenie: Pamätný pomník Jozefa Miloslava Hurbana od akad. sochára Jozefa Pospíšila (1928) v Novom Meste nad Váhom.

Bibliographic Details
Other Authors: Pospíšil, Jozef, 1897-1976 (Sculptor)
Format: Photo
Language:Slovak
PhysicalDescription:1 fotografia čb 13 x 9 cm
Published: [S.l. s.n. s.a.]
Subjects:

MARC

LEADER 00000nkmaa2200000 a 4500
001 vtls011741915
003 SK-MaSNL
005 20260426000417.0
007 kh bo
008 230802n xo | ||00 k|slo
035 |a 41E1A44F-071F-4F83-922A-8F458917DA63 
035 |a urn:nbn:sk:snk-km43ie2 
035 |a urn:nbn:sk:snk-km00e5vb 
040 |a SNKLA  |b slo  |c SNKLA  |e AACR2 
041 0 |a slo 
044 |a xo  |c SK 
245 0 0 |a [Pamätný pomník Jozefa Miloslava Hurbana v Novom Meste nad Váhom]  |h grafika 
260 |a [S.l.  |b s.n.  |c s.a.] 
300 |a 1 fotografia  |b čb  |c 13 x 9 cm 
520 2 |a Zobrazenie: Pamätný pomník Jozefa Miloslava Hurbana od akad. sochára Jozefa Pospíšila (1928) v Novom Meste nad Váhom. 
600 1 7 |a Hurban, Jozef Miloslav,  |d 1817-1888  |2 SNKMA  |9 93005 
650 0 7 |a pamätné pomníky  |2 SNKLA  |9 312239 
651 7 |a Nové Mesto nad Váhom (Slovensko)  |2 SNKPH  |9 28941 
655 7 |a fotografie  |2 SNKPH  |9 70713 
700 1 |a Pospíšil, Jozef,  |d 1897-1976  |4 scl  |9 117438 
852 7 |a Slovenská národná knižnica v Martine  |b Literárny archív 
958 |a ZO 
958 |a BLA 
999 |c 855014  |d 856944 
952 |a SNKLA  |b SNKLA  |c SNKLA_DEP  |y NEVYP  |7 0  |p 17A1226987  |o snkK 4a/209  |i snkLA 2076/2011  |0 0  |1 0  |4 0  |d 2018-02-16  |f 1  |l 0  |r 2026-02-24 04:53:56  |w 2026-02-24